000 00316nam a2200121Ia 4500
008 240624s9999 xx 000 0 und d
041 _aeng
082 _a658.056754 OJE
100 _aOJEDA ZAPATA JULIO
245 _aTWITTER MEANS BUSINESS HOW MICROBLOGGING
260 _c2008
_aCalifornia
_bHappy About
365 _cRS
999 _c15944
_d15944